00819naa#a2200181#i#4500001001600000005001700016011001400033100004100047102000700088200017900095210010300274215001000377608004500387675008300432700005200515700005200567856001800619RU\\bibl\10546820260703023557.5##a2227-1171##a20260630b2026####ek#y0rusy0150####ca##aRU1#aСОВРЕМЕННЫЕ ИНСТРУМЕНТЫ ПРОТИВОДЕЙСТВИЯ РЕЦИДИВНОЙ ПРЕСТУПНОСТИ В РОССИИeЖурнальная статья1#aКазаньcКазанский юридический институт МВД Россииd2026##a5 с.##aЖурнальная статья2local##aМетоды, средства и формы профилактики. 343.851#1aСагайдакgАльбина Юрьевна#1aДикаеваgЭлина Салмановна4#avestnikkui.ru